• 首页
  • 本馆介绍
  • 公告通知
  • 最新文献
  • 馆藏检索
  • 电子资源
  • 读者导购
  • 参考咨询
  • 我的图书馆
  • 登录
  • 详细信息显示
  • 放入我的书架
  • 预约/预借图书
  • 作者相关作品
  • 分类相关作品
  • 丛书相关作品
  • 出版社相关作品

书目信息

  • 表格格式
  • 工作单格式
  • 卡片格式
题名:
传统村落旅游开发与形态变化
    
 
作者: 车震宇 著
分册:  
出版信息: 北京   科学出版社  2008.01
页数: 172页
开本: 26cm
丛书名:
单 册:
中图分类: F592.3
科图分类:
主题词: 乡村--旅游资源--资源开发--研究--中国
电子资源:
ISBN: 978-7-03-020589-6
000 00953nam0 2200241 450
001 012004219711
005 20091202085601.95
010    @a978-7-03-020589-6@dCNY48.00
100    @a20080311d2008 em y0chiy0110 ea
101 0  @achi
102    @aCN@b110000
105    @aa z 000yy
106    @ar
200 1  @a传统村落旅游开发与形态变化@9chuan tong cun luo lv you kai fa yu xing tai bian hua@f车震宇著
210    @a北京@c科学出版社@d2008.01
215    @a172页@c图@d26cm
300    @a云南省社会发展科技计划应基项目(编号:2007E027M)等资助出版
330    @a本书分为两部分,第一部分详细阐述了12个传统村落十多年来的旅游开发过程及形态变化案例;第二部分对12个村落进行比较分析,提出了村落的形态变化类型,分析了其变化特征和影响因素,并对参与旅游方式不同的村落进行了对比研究。
606 0  @a乡村@x旅游资源@x资源开发@x研究@y中国
690    @aF592.3@v4
701  0 @a车震宇@9che zhen yu@4著
801  0 @aCN@bNLC@c20091202
905    @b794241-45@dF592.3@e228@f5
    
    传统村落旅游开发与形态变化/车震宇著.-北京:科学出版社,2008.01
    172页:图;26cm
    云南省社会发展科技计划应基项目(编号:2007E027M)等资助出版
    
    ISBN 978-7-03-020589-6:CNY48.00
    本书分为两部分,第一部分详细阐述了12个传统村落十多年来的旅游开发过程及形态变化案例;第二部分对12个村落进行比较分析,提出了村落的形态变化类型,分析了其变化特征和影响因素,并对参与旅游方式不同的村落进行了对比研究。
●
相关链接 在E读中查询图书 在五车中查询图书 在当当中查询图书 在豆瓣中查询图书


正题名:传统村落旅游开发与形态变化     索取号:F592.3/228         预约/预借

序号 登录号 条形码 馆藏地/架位号 状态 备注
1 794241   207942413   第一样本阅览室/ [索取号:F592.3/228] 在馆    
2 794242   207942422   第一借阅区/ [索取号:F592.3/228] 在馆    
3 794243   207942431   第一借阅区/ [索取号:F592.3/228] 在馆    
4 794244   207942440   第一借阅区/ [索取号:F592.3/228] 在馆    
5 794245   207942459   密集书库-资源管理系/ [索取号:F592.3/228] 在馆    
唐山师范学院图书馆 欢迎您!
大连网信软件有限公司© 版权所有